00249nam a2200109Ia 4500008004100000100002600041245002500067260001500092300001000107942000700117999001500124190216s9999||||xx |||||||||||||| ||und|| aJain Sp And Narag K L 0aAdvanced Accountancy bNullc1994 a2123p cBK c5252d5252